LEADER 01072cam a22002291 4500 001 991000994769707536 008 101214s1959 it a 000 0 ita 035 $ab13943753-39ule_inst 040 $aDip.to Studi Storici$bita 082 04$a301.44 100 1 $aFerrari, Agostino$0271596 245 10$aStratificazione sociale e mobilità nella società italiana contemporanea :$bcommento delle conclusioni della 31. settimana sociale dei cattolici d'Italia su: Le classi e l'evoluzione sociale /$cFerrari, Agostino 260 $aRoma,$bEdiz. Settimane sociali,$c1959 300 $a242 p. :$bill. ;$c22 cm. 650 4$aClassi sociali$zItalia 830 0$aConclusioni, commenti e documenti 907 $a.b13943753$b14-06-22$c14-12-10 912 $a991000994769707536 945 $aLE023 Fondo Giudice 301.44 FER 1 1 $g1$i2023000123614$lle023$o-$pE8.00$q-$rn$so $t0$u0$v0$w0$x0$y.i1521008x$z14-12-10 996 $aStratificazione sociale e mobilità nella società italiana contemporanea$9251374 997 $aUNISALENTO 998 $ale023$b21-12-10$cm$da $e-$fita$git $h0$i0 LEADER 02034nas 2200589-a 450 001 9910993883103321 005 20240501213015.0 035 $a(CKB)110976725706606 035 $a(CONSER)cn-81030500- 035 $a(EXLCZ)99110976725706606 100 $a19811202a19819999 k-- b 101 0 $afre 181 $ctxt$2rdacontent/fre 200 14$aLes affaires 210 $aMontréal $c[Publications Les affaires$d1981]- 215 $a1 online resource 300 $aLes livr. de nov. 1999- comportent une section intitulée: Commerce électronique. 300 $a"Le journal des décideurs". 311 08$aPrint version: Affaires (Montréal, Québec : 1981) 0229-3404 (DLC)cn 81030500 (OCoLC)1080651330 531 0 $aAffaires 606 $aBusiness$vPeriodicals 606 $aFinance$zQuébec (Province)$xPeriodicals 606 $aFinance$zCanada$vPeriodicals 606 $aAffaires$xPériodiques 606 $aFinances$zQuébec (Province)$xPériodiques 606 $aFinances$zCanada$xPériodiques 606 $aBusiness$2fast$3(OCoLC)fst00842262 606 $aFinance$2fast$3(OCoLC)fst00924349 607 $aCanada$2fast$1https://id.oclc.org/worldcat/entity/E39PBJkMHVW4rfVXPrhVP4VwG3 607 $aQue?bec$2fast$1https://id.oclc.org/worldcat/entity/E39QbtfRCQp8M3whjghQmqVPXM 608 $aPériodiques. 608 $aserials (publications)$2aat 608 $aSerial publications.$2fast 608 $aPeriodicals.$2fast 608 $aSerial publications.$2lcgft 608 $aPeriodicals.$2lcgft 608 $aPublications en série.$2rvmgf 615 0$aBusiness 615 0$aFinance$xPeriodicals. 615 0$aFinance 615 6$aAffaires$xPériodiques. 615 6$aFinances$xPériodiques. 615 6$aFinances$xPériodiques. 615 7$aBusiness. 615 7$aFinance. 676 $a650/.09714 686 $acci1icc$2lacc 906 $aJOURNAL 912 $a9910993883103321 920 $aexl_impl conversion 996 $aLes affaires$94362631 997 $aUNINA